000 00510nam a22001817a 4500
003 OSt
005 20140310182051.0
008 130822t xxu||||| |||| 00| 0 eng d
020 _a0024053007
050 _aHF 1411
_b.Sa239 1983
082 _aHS 337.09
_bSa3 1983
100 _aSalvatore, Dominick
_910963
245 _aInternational Eeconomics /
_cDominick Salvatore.
260 _aNew York :
_bMcmillan Publishing Co., Inc,
_cc1983
300 _a559 p. :
_c22 cm.
942 _2lcc
_cHS
999 _c8986
_d8986